Countries With a G and S - Statistics

General Stats
  • This quiz has been taken 40 times
    19 since last reset
  • The average score is 6 of 9
Answer Stats
Answer % Correct
Bangladesh
88%
Guinea-Bissau
75%
Madagascar
75%
St. Vincent and the Grenadines
75%
Afghanistan
69%
Bosnia and Herzegovina
69%
Senegal
63%
Singapore
56%
Kyrgyzstan
50%
No matching quizzes found
Score Distribution
Percent of People with Each Score
Percentile by Number Answered
Your Score History
You have not taken this quiz since the last reset